Theory and practice of counseling and psychotherapy /

Guardado en:
Detalles Bibliográficos
Autor principal: Corey, Gerald
Formato: Libro
Lenguaje:inglés
Publicado: Australia : Brooks / Cole, c2005.
Edición:7th ed.
Materias:
Etiquetas: Agregar Etiqueta
Sin Etiquetas, Sea el primero en etiquetar este registro!

MARC

LEADER 00000cam a22000002a 4500
001 0000000905
005 20171002025126.0
008 070329s1977 cau 001 0 eng d
020 |a 053453662X 
035 |a (DAYSTAR)0000040518 
040 |a Daystar  |d Nmicheni 
100 1 |a Corey, Gerald. 
245 1 0 |a Theory and practice of counseling and psychotherapy /  |c Gerald Corey. 
250 |a 7th ed. 
260 |a Australia :  |b Brooks / Cole,  |c c2005. 
300 |a xviii, 547 p. 
650 0 |a Counseling. 
650 0 |a Psychotherapy. 
908 |a 110119 
942 0 0 |c BK 
999 |c 42595  |d 42595